| 000 | 00826nam a2200241 a 4500 | ||
|---|---|---|---|
| 001 | BRCA_768 | ||
| 005 | 20190320203137.0 | ||
| 008 | 080905s2002-------a---###---#000-0#spa-# | ||
| 020 | _a8431320389 | ||
| 050 | 4 |
_aND813.V4 _b.B35 _c2002 |
|
| 100 | 1 |
_aBandrés Oto, Maribel _92551 |
|
| 245 | 1 | 0 |
_aLa moda en la pintura _bVelázquez : usos y costumbres del siglo XVII _cMaribel Bandrés Oto. |
| 260 |
_aPamplona _bUniversidad de Navarra _c2002 |
||
| 300 |
_a401 p. _bil. _c21 cm. |
||
| 440 | 0 |
_aHistoria _v324 _92385 |
|
| 500 | _aIncluye glosario | ||
| 504 | _aBibliografía: p. 397-401 | ||
| 600 | 1 | 4 |
_aVelázquez, Diego Rodríguez de Silva y _d1599-1660 _92552 |
| 650 | 1 | 4 |
_aModa en el arte _ySiglo XVII _zEspaña _92553 |
| 650 | 1 | 4 |
_aModa _ySiglo XVII _zEspaña _92554 |
| 650 | 1 | 4 |
_aPintura _ySiglo XVII _zEspaña _92555 |
| 942 |
_2lcc _cB |
||
| 999 |
_c665 _d665 |
||